000 00996nam a2200289 i 4500
001 13436
003 ES-MaACL
005 20230906150557.0
007 t|
008 980316s1997 sp b |||| | spa d
080 _a015(84)"1825/1930"
080 _a32(84)"1825/1930":016
080 _a016:32(84)"1825/1930"
100 1 _aIrurozqui Victoriano, Marta.
_965500
245 1 0 _aBolivia, 1825-1930
_b: un siglo de impresos políticos /
_cMarta Irurozqui Victoriano, Víctor Peralta Ruiz.
260 _aMadrid :
_bFundación Histórica Tavera,
_c1997.
300 _a97 p. ;
_c25 cm.
490 1 _aDocumentos Tavera ;
_v4
650 1 4 _aBibliografías bolivianas.
_9170054
651 4 _aBolivia-
_xHistoria-
_vBibliografías.
_9170053
651 4 _aBolivia-
_xPolítica y gobierno.
_9165623
700 1 _aPeralta Ruiz, Víctor.
_990390
710 2 _aFundación Histórica Tavera.
_94318
830 0 _aDocumentos Tavera ;
_v4
_9179477
852 _aES-MaACL
_jL-20681
999 _c13436
_d13436